Arunachal pradesh : (Record no. 129875)

MARC details
000 -LEADER
fixed length control field 00719nam a22002297a 4500
005 - DATE AND TIME OF LATEST TRANSACTION
control field 20170124110104.0
010 ## - LIBRARY OF CONGRESS CONTROL NUMBER
LC control number B-160942
020 ## - INTERNATIONAL STANDARD BOOK NUMBER
Terms of availability 395.00
International Standard Book Number 8183240003
035 ## - SYSTEM CONTROL NUMBER
System control number B-160942
037 ## - SOURCE OF ACQUISITION
Source of stock number/acquisition Cen Lib/Ret
040 ## - CATALOGING SOURCE
Original cataloging agency DPL
Language of cataloging EN
082 ## - DEWEY DECIMAL CLASSIFICATION NUMBER
Classification number 954.511
Item number JOS
100 ## - MAIN ENTRY--PERSONAL NAME
Personal name Joshi, H.G.
9 (RLIN) 27658
245 ## - TITLE STATEMENT
Title Arunachal pradesh :
Statement of responsibility, etc by H.G. Joshi
Remainder of title past and present /
260 ## - PUBLICATION, DISTRIBUTION, ETC. (IMPRINT)
Name of publisher, distributor, etc Mittal Publications
Date of publication, distribution, etc 2005
Place of publication, distribution, etc New Delhi
270 ## - ADDRESS
City New Delhi
Address A-110, Mohan Garden
Postal code 110059
300 ## - PHYSICAL DESCRIPTION
Extent vii, 262p.
Dimensions 21cm(Hb)
500 ## - GENERAL NOTE
General note Includes bibliographical references and index
650 ## - SUBJECT ADDED ENTRY--TOPICAL TERM
Topical term or geographic name as entry element India
Geographic subdivision Arunāchal Pradesh
9 (RLIN) 27659
650 ## - SUBJECT ADDED ENTRY--TOPICAL TERM
Topical term or geographic name as entry element Social dynamics
9 (RLIN) 27660
942 ## - ADDED ENTRY ELEMENTS (KOHA)
Source of classification or shelving scheme Dewey Decimal Classification
Koha item type English Books
Classification part 954.511
Call number suffix JOS
Holdings
Withdrawn status Lost status Damaged status Not for loan Home library Current library Date acquired Source of acquisition Cost, normal purchase price Total Checkouts Full call number Barcode Date last seen Copy number Cost, replacement price Price effective from Koha item type
        Central Library Central Library 07/07/2015 Cen Lib/Ret 395.00   954.511 JOS B-160942 07/07/2015 1 395.00 07/07/2015 English Books

© Delhi Public Library
Hit Counter
free hit counter